000 00309nam a22001097a 4500
082 _a621.381
_bSEY
100 _4 Seyrafi, Khalil
245 _aIntroduction to electro-optical imaging and tracking systems/
_cKhalil Seyrafi,
260 _aBoston :
_bArtech House,
_c1993.
300 _a260p.
942 _2ddc
_cBK
999 _c593964
_d593964